| 000 -LEADER |
| fixed length control field |
00787nam a22001337a 4500 |
| 040 ## - CATALOGING SOURCE |
| Transcribing agency |
RUA |
| 082 ## - DEWEY DECIMAL CLASSIFICATION NUMBER |
| Classification number |
LMA THA 2015 B498 Or.1 |
| 100 ## - MAIN ENTRY--AUTHOR NAME |
| Personal name |
THAN DANY; ថាន ដានី |
| 245 ## - TITLE STATEMENT |
| Title |
Study on grating social land concession to former military and family in tang samrong commun, phnom srouch district, kompong speu province; សិក្សាពីការផ្ដល់សម្បទានដីសង្គមកិច្ចជូនអតីតកងកម្លាំងប្រដាប់អាវុធ និងគ្រួសារនៅឃុំតាំងសំរោង ស្រុកភ្នំស្រួច ខេត្តកំពង់ស្ពឺ |
| 260 ## - PUBLICATION, DISTRIBUTION, ETC. (IMPRINT) |
| Place of publication |
Phnom Penh |
| Name of publisher |
RUA |
| Year of publication |
2015 |
| 300 ## - PHYSICAL DESCRIPTION |
| Number of Pages |
x;52p. |
| Other physical details |
ill. |
| Dimensions |
29cm. |
| 856 ## - ELECTRONIC LOCATION AND ACCESS |
| Uniform Resource Identifier |
THAN DANY |
| 942 ## - ADDED ENTRY ELEMENTS (KOHA) |
| Koha item type |
LMA |
| 952 ## - LOCATION AND ITEM INFORMATION (KOHA) |
| Withdrawn status [LOCAL, KOHA] |
0 |
| 952 ## - LOCATION AND ITEM INFORMATION (KOHA) |
| Withdrawn status [LOCAL, KOHA] |
0 |
| 952 ## - LOCATION AND ITEM INFORMATION (KOHA) |
| Withdrawn status [LOCAL, KOHA] |
0 |
| 952 ## - LOCATION AND ITEM INFORMATION (KOHA) |
| Withdrawn status [LOCAL, KOHA] |
0 |
| 952 ## - LOCATION AND ITEM INFORMATION (KOHA) |
| Withdrawn status [LOCAL, KOHA] |
0 |
| 952 ## - LOCATION AND ITEM INFORMATION (KOHA) |
| Withdrawn status [LOCAL, KOHA] |
0 |
| 952 ## - LOCATION AND ITEM INFORMATION (KOHA) |
| Withdrawn status [LOCAL, KOHA] |
0 |
| 952 ## - LOCATION AND ITEM INFORMATION (KOHA) |
| Withdrawn status [LOCAL, KOHA] |
0 |